00690nam a2200193 a 4500001001400000005001700014008004100031090001700072100003000089245008800119260002800207300001000235490002100245650002300266650001900289700002400308999001500332952014900347$$a000001894420200120222020.0010814s1977 mex0 gr0 000 d aANbCHE 19770 aChesterton, Gilbert Keith13aEl candor del Padre Brown /cGilbert Keith Chesterton; traducción: Alfonso Reyes. aMéxicobAguilarc1977 a379p. aCrisol Literario14aLITERATURA INGLESA14aNOVELA INGLESA1 aReyes, Alfonso, tr. c1097d1097 00102ddc40708LAaBPMOSbBPMOSd2020-01-20i100419l1oAN CHE 1977pMOS004721r2021-03-03s2021-02-16tej.1w2020-01-20yBKLITzQuince días